Library of the University of Algiers 3
Ibrahim Sultan Cheibout
شعار جامعة الجزائر 3
مكتبة جامعة الجزائر 3
إبراهيم سلطان شيبوط

المشتريات كأداة لتموين المخازن وحسابات المخازن كأداة للرقابة على المستلزمات السلعية / (رقم التسجيلة. 44374)

تفاصيل مارك
000 -LEADER
fixed length control field 01733nam a2200253Ia 4500
003 - CONTROL NUMBER IDENTIFIER
control field Ost
005 - DATE AND TIME OF LATEST TRANSACTION
control field 20260507075410.0
008 - FIXED-LENGTH DATA ELEMENTS--GENERAL INFORMATION
fixed length control field 260507s9999||||xx |||||||||||||| ||und||
040 ## - CATALOGING SOURCE
Transcribing agency fsecg
041 ## - LANGUAGE CODE
Language code of text/sound track or separate title ara
082 ## - DEWEY DECIMAL CLASSIFICATION NUMBER
Classification number 600
100 ## - MAIN ENTRY--PERSONAL NAME
Personal name غراب، إبراهيم سالم محمد
Relator term مؤلف
245 #0 - TITLE STATEMENT
Title المشتريات كأداة لتموين المخازن وحسابات المخازن كأداة للرقابة على المستلزمات السلعية /
Statement of responsibility, etc. إبراهيم سالم محمد غراب
260 ## - PUBLICATION, DISTRIBUTION, ETC.
Place of publication, distribution, etc. الإسكندرية:
Name of publisher, distributor, etc. المكتب العربي الحديث,
Date of publication, distribution, etc. 2008
300 ## - PHYSICAL DESCRIPTION
Extent 397 صفحة؛
Other physical details إيضاحات ؛
Dimensions 24 سم
504 ## - BIBLIOGRAPHY, ETC. NOTE
Bibliography, etc. note المراجع ص.397؛ الملاحق ص.307
520 ## - SUMMARY, ETC.
Summary, etc. يضم المفاهيم العامة لوظيفة التخزين، عناصر المخزون، التخطيط وتحليل سياسات التخصيص، حسابات المخازن كأداة للرقابة على المستلزمات السلعية، المحاسبة عن عنصر تكلفة المستلزمات السلعية، الرقابة على عنصر تكلفة المستلزمات السلعية، المشتريات كأداة لتموين المخازن، تخطيط المشتريات، سياسات الشراء، إجراءات التخزين، الرقابة على المخزون، جرد المخازن، المناولة في المخازن، تشغيل المخازن وتنظيم إدارة المخازن
653 ## - INDEX TERM--UNCONTROLLED
Uncontrolled term إدارة المشتريات
653 ## - INDEX TERM--UNCONTROLLED
Uncontrolled term التموين
653 ## - INDEX TERM--UNCONTROLLED
Uncontrolled term الرقابة
653 ## - INDEX TERM--UNCONTROLLED
Uncontrolled term الشراء للتخزين
700 ## - ADDED ENTRY--PERSONAL NAME
Personal name البيومى، محمود محمد عبد السلام
Relator term مؤلف ثانوي
942 ## - ADDED ENTRY ELEMENTS (KOHA)
Koha item type كتب
المقتنيات
Withdrawn status Lost status Source of classification or shelving scheme Damaged status Not for loan Home library Current library Date acquired Serial enumeration / chronology Inventory number Total checkouts Full call number Barcode Date last seen Price effective from Koha item type
    Dewey Decimal Classification   NOT LOAN / إعارة داخلية مكتبة كلية العلوم الإقتصادية والعلوم التجارية وعلوم التسيير مكتبة كلية العلوم الإقتصادية والعلوم التجارية وعلوم التسيير 07/05/2026 الطابق الأرضي 26913   أ/4437ن1 26913 07/05/2026 07/05/2026 كتب
    Dewey Decimal Classification   Available مكتبة كلية العلوم الإقتصادية والعلوم التجارية وعلوم التسيير مكتبة كلية العلوم الإقتصادية والعلوم التجارية وعلوم التسيير 07/05/2026 الطابق الأرضي 26914   أ/4437ن2 26914 07/05/2026 07/05/2026 كتب
    Dewey Decimal Classification   Available مكتبة كلية العلوم الإقتصادية والعلوم التجارية وعلوم التسيير مكتبة كلية العلوم الإقتصادية والعلوم التجارية وعلوم التسيير 07/05/2026 الطابق الثاني 26915   أ/4437ن3 26915 07/05/2026 07/05/2026 كتب

موارد الويب المفتوحة


© University of Algiers 3 All Rights Reserved
|
Implemented by LECHELAH Riad